Význam obalovej techniky balenie ovplyvňuje produktivitu pri výrobe a manipulácii

Podiel obalovej techniky na rozmachu svetového obchodu. Postavenie obalovej techniky v národnom hospodárstve. Definícia obalu a obalovej techniky. Vzťahy medzi základnými pojmami obalovej techniky. Obalová technika ako vedný odbor.

Salvato in:
Dettagli Bibliografici
Autore principale: Kačeňák, Igor
Natura: Capitolo di libro
Lingua:slovacco
Soggetti:
Tags: Aggiungi Tag
Nessun Tag, puoi essere il primo ad aggiungerne!!

MARC

LEADER 00000naa$a2200000$$$4500
001 0050468
005 20240502071600.2
041 0 |a slo 
044 |a SK 
245 1 0 |a Význam obalovej techniky  |b balenie ovplyvňuje produktivitu pri výrobe a manipulácii  |c Igor Kačeňák 
520 |a Podiel obalovej techniky na rozmachu svetového obchodu. Postavenie obalovej techniky v národnom hospodárstve. Definícia obalu a obalovej techniky. Vzťahy medzi základnými pojmami obalovej techniky. Obalová technika ako vedný odbor. 
610 2 0 |a obaly 
610 2 0 |a technika obalová 
610 2 0 |a hospodárstvo národné 
610 2 0 |a hospodárstvo svetové 
610 2 0 |a definície 
100 1 |a Kačeňák, Igor